| 000 | 00755nam a22002297a 4500 | ||
|---|---|---|---|
| 005 | 20170315120942.0 | ||
| 010 | _a1617EN ENG-116975 | ||
| 020 |
_a9781138695689 _c1395.00 |
||
| 035 | _aB-649664 | ||
| 035 | _aEN-100507 | ||
| 037 |
_aDPL _bUPPAL |
||
| 037 | _bDBAD/PUB | ||
| 082 | _a305.4209 | ||
| 245 |
_aFeminisms: _ced by Maggie Humm _ba reader / |
||
| 260 |
_aNew York _bRoutledge _c2016 |
||
| 270 |
_a711 third avenue _bNew York _eNY 10017 |
||
| 300 |
_axx,420p. _c24cm(pbk) |
||
| 500 | _ainculds index | ||
| 700 | _aMaggie Humm | ||
| 942 |
_2ddc _cEN _h305.4209 _mFEM |
||
| 999 |
_c102120 _d102120 |
||